Speciální zootechnika Technologie 2. Živočišná výroba 3
Salvato in:
| Natura: | Libro |
|---|---|
| Lingua: | ceco |
| Pubblicazione: |
Praha
Vysoká škola ekonomická
1988
|
| Edizione: | 3. přeprac. vyd. |
| Tags: |
Nessun Tag, puoi essere il primo ad aggiungerne!!
|
MARC
| LEADER | 00000nam a2200000 4500 | ||
|---|---|---|---|
| 001 | c027756 | ||
| 005 | 20251031072415.3 | ||
| 041 | 0 | |a cze | |
| 044 | |a CZ | ||
| 245 | 1 | 0 | |a Speciální zootechnika |b Technologie 2. Živočišná výroba 3 |c Miroslav Strašrybka |
| 250 | |a 3. přeprac. vyd. | ||
| 264 | 1 | |a Praha |b Vysoká škola ekonomická |c 1988 | |
| 300 | |a 63 s. | ||